01075 a2200181 45000010006000000050017000060080041000230030015000640400040000790800104001192450038002230200018002612640038002793000019003175050526003360410008008621000023008705406620260407155811.0260407a1974 arg spa dAR-UNSa-BCEJYS aAR-UNSa-BCEJYSbspacAR-UNSa-BCEJYS a330.1xCiencia económica. Conceptos fundamentales de teoría económica. Valor. Capital. Fondos10aRenta, precios y balanza de pagos a84-206-2113-7 1aMadrid :bAlianza Editorialc1974 a504 p.c20 cm. aPrimera parte: Introducción general - I. Magnitudes agregadas básicas - II. Corrientes financieras de la economía - Segunda parte: El modelo - III. Un modelo de determinación del nivel de renta en una economía cerrada - IV. El modelo de determinación del nivel de renta en una economía abierta - Tercera parte: Líneas de ampliación del modelo - V. La demanda agregada de consumo - VI. La demanda agregada de inversión - VII. Nivel de empleo,salarios y precios - VIII. El dinero y el sistema financiero aspa1 aRojo, Luis Ángel